Strzałkowa łamigłówka #1 – nagła śmierć - Statystyki

Ogólne statystyki
  • Ten quiz został rozwiązany 115 razy
  • Średni wynik to 21 z 67
Answers on the Grid
Answers color-coded by a green-red scale on the quiz's grid according to % correct below.
 
Statystyki odpowiedzi
Odpowiedź % Poprawnych
89%
63%
57%
46%
43%
37%
37%
35%
35%
35%
33%
33%
33%
33%
33%
33%
33%
31%
31%
31%
31%
31%
31%
31%
31%
30%
30%
30%
30%
30%
30%
30%
30%
30%
30%
30%
30%
30%
30%
30%
30%
30%
28%
28%
28%
28%
28%
28%
28%
26%
26%
26%
26%
26%
26%
26%
26%
26%
26%
26%
24%
24%
24%
24%
24%
24%
22%
Nie znaleziono quizów pasujących do podanych kryteriów
Rozkład punktacji
Procent ludzi z każdym wynikiem
Percentyl według liczby udzielonych odpowiedzi
Twoja historia wyników
Nie rozwiązałeś tego quizu